Rome Trivia - Statistics

General Stats
  • This quiz has been taken 131 times
  • The average score is 17 of 26
Answer Stats
Clue Answer % Correct
Italian name of the city Roma
93%
Independent Catholic state Vatican City
92%
Twin brothers said to have founded Rome Romulus
91%
Twin brothers said to have founded Rome Remus
89%
Sport event hosted in 1960 Olympics
88%
Common name for the Archbishop of Rome Pope
88%
They fought each other in the above Gladiators
87%
Amphitheater erected in 80 A.D. Colosseum
83%
Rome was built on seven of these Hills
83%
The world's most important church {St. Peter}'s Basilica
82%
Main river Tiber
82%
Nickname {Eternal} City
81%
"All-gods" temple with a concrete dome Pantheon
81%
Emperor blamed for the Great Fire Nero
79%
It announces the election of the above White {smoke}
72%
Baroque fountain featured in "La Dolce Vita" Trevi Fountain
65%
Italian region of Rome Latium
60%
Typical sport practiced at the Circus Maximus Chariot racing
54%
1527 military raid ordered by Charles V {Sack} of Rome
52%
Main airport Fiumicino
47%
Pasta dish with eggs, pecorino and bacon Carbonara
43%
Most famous column {Trajan}'s Column
35%
Largest public square Piazza {Navona}
33%
Centre of Italian movie industry Cinecittà
19%
Presidential palace Quirinal Palace
18%
Director of "Rome, Open City" Roberto Rossellini
11%
No matching quizzes found
Score Distribution
Percent of People with Each Score
Percentile by Number Answered
Your Score History
You have not taken this quiz